[Event "Hoogeveen Open 2016"]
[Site "Hoogeveen"]
[Date "2016.10.18"]
[Round "4.14"]
[White "Valdes Romero, Leonardo"]
[Black "Mager, Denis"]
[Result "1/2-1/2"]
[BlackElo "2224"]
[WhiteElo "2391"]
[LiveChessVersion "1.4.8"]

1. Nf3 {[%clk 1:30:55]} d5 {[%clk 1:30:57]} 2. c4 {[%clk 1:31:11]} c6
{[%clk 1:31:12]} 3. g3 {[%clk 1:31:35]} g6 {[%clk 1:30:56]} 4. Bg2
{[%clk 1:31:51]} Bg7 {[%clk 1:31:02]} 5. O-O {[%clk 1:31:53]} Nf6
{[%clk 1:30:37]} 6. d4 {[%clk 1:32:09]} O-O {[%clk 1:29:04]} 7. Qb3
{[%clk 1:32:33]} Qb6 {[%clk 1:25:37]} 8. Nc3 {[%clk 1:32:56]} Nbd7
{[%clk 1:15:21]} 9. cxd5 {[%clk 1:30:32]} Qxb3 {[%clk 1:14:39]} 10. axb3
{[%clk 1:30:56]} cxd5 {[%clk 1:12:34]} 11. Bf4 {[%clk 1:30:15]} Nb6
{[%clk 1:05:36]} 12. Ra5 {[%clk 1:21:05]} Bf5 {[%clk 0:53:35]} 13. Rfa1
{[%clk 1:16:37]} a6 {[%clk 0:50:55]} 14. Bc7 {[%clk 1:07:32]} Nfd7
{[%clk 0:46:56]} 15. Nh4 {[%clk 0:59:08]} e6 {[%clk 0:45:06]} 16. Nxf5
{[%clk 0:59:15]} gxf5 {[%clk 0:44:48]} 17. e3 {[%clk 0:59:14]} Rfc8
{[%clk 0:43:09]} 18. Bf4 {[%clk 0:55:24]} Bf8 {[%clk 0:42:38]} 19. Rc1
{[%clk 0:55:26]} Rc6 {[%clk 0:40:20]} 20. Raa1 {[%clk 0:55:18]} Rac8
{[%clk 0:39:47]} 21. Bf1 {[%clk 0:51:34]} Nf6 {[%clk 0:36:16]} 22. f3
{[%clk 0:50:46]} h6 {[%clk 0:32:05]} 23. Bd3 {[%clk 0:47:19]} Nh5
{[%clk 0:31:00]} 24. Kf2 {[%clk 0:47:08]} Nxf4 {[%clk 0:23:23]} 25. gxf4
{[%clk 0:47:33]} Bb4 26. Rg1+ {[%clk 0:47:10]} Kf8 {[%clk 0:19:28]} 27. Ne2
{[%clk 0:47:14]} Be7 {[%clk 0:18:17]} 28. Rg2 {[%clk 0:40:57]} Bh4+
{[%clk 0:17:21]} 29. Kg1 {[%clk 0:40:58]} Ke7 {[%clk 0:16:02]} 30. Nc3
{[%clk 0:35:40]} Bf6 {[%clk 0:13:45]} 31. Kf2 {[%clk 0:34:48]} Rf8
{[%clk 0:09:09]} 32. Ke2 {[%clk 0:34:30]} Rd8 {[%clk 0:05:59]} 33. Rgg1
{[%clk 0:26:18]} Rdc8 {[%clk 0:05:18]} 34. Rg3 {[%clk 0:24:15]} Rh8
{[%clk 0:04:05]} 35. Rc1 {[%clk 0:21:20]} Rcc8 {[%clk 0:02:48]} 36. Ra1
{[%clk 0:19:56]} Rc6 {[%clk 0:03:02]} 37. Rg2 {[%clk 0:18:20]} Rd8
{[%clk 0:02:54]} 38. Rag1 {[%clk 0:16:21]} Rcc8 {[%clk 0:02:37]} 39. Kd2
{[%clk 0:16:44]} Rh8 {[%clk 0:01:32]} 40. Ne2 {[%clk 0:13:32]} h5
{[%clk 0:00:44]} 41. Nc3 {[%clk 0:10:56]} Rhd8 {[%clk 0:30:05]} 42. Ne2
{[%clk 0:37:16]} Rh8 {[%clk 0:27:14]} 43. Nc1 {[%clk 0:31:43]} Nd7
{[%clk 0:21:46]} 44. Be2 {[%clk 0:31:49]} Rc7 {[%clk 0:20:43]} 45. Rg8
{[%clk 0:31:49]} Rc8 {[%clk 0:20:23]} 46. Rxh8 {[%clk 0:31:58]} Rxh8
{[%clk 0:20:06]} 47. Nd3 {[%clk 0:32:24]} Rc8 {[%clk 0:18:49]} 48. b4
{[%clk 0:30:04]} Kd6 {[%clk 0:14:12]} 49. Bd1 {[%clk 0:25:34]} Nb6
{[%clk 0:14:12]} 50. b3 {[%clk 0:25:34]} Nd7 {[%clk 0:14:12]} 51. Be2
{[%clk 0:25:34]} Rb8 {[%clk 0:14:12]} 52. Ne5 {[%clk 0:25:34]} Rf8
{[%clk 0:14:12]} 53. b5 {[%clk 0:25:34]} a5 {[%clk 0:14:12]} 54. h3
{[%clk 0:25:34]} Bd8 {[%clk 0:14:12]} 55. Rg7 {[%clk 0:25:34]} Nxe5
{[%clk 0:14:12]} 56. fxe5+ {[%clk 0:25:34]} Kd7 {[%clk 0:14:12]} 57. e4
{[%clk 0:25:34]} h4 {[%clk 0:14:12]} 58. exf5 {[%clk 0:25:34]} exf5
{[%clk 0:14:12]} 59. Bd3 {[%clk 0:25:34]} Ke6 {[%clk 0:14:12]} 60. Ke3
{[%clk 0:25:34]} Rh8 {[%clk 0:14:12]} 61. Kf4 {[%clk 0:25:34]} Rh5
{[%clk 0:14:12]} 62. Rg8 {[%clk 0:25:34]} Be7 {[%clk 0:14:12]} 63. b6
{[%clk 0:25:34]} f6 {[%clk 0:14:12]} 64. exf6 {[%clk 0:25:34]} Bxf6
{[%clk 0:14:12]} 65. Ke3 {[%clk 0:25:34]} f4+ {[%clk 0:14:12]} 66. Kxf4
{[%clk 0:25:34]} Bxd4 {[%clk 0:14:12]} 67. Kg4 {[%clk 0:25:34]} Rh6
{[%clk 0:14:12]} 68. Rb8 {[%clk 0:25:34]} Bxb6 {[%clk 0:14:12]} 69. Rxb7
{[%clk 0:25:34]} Ke5 {[%clk 0:14:12]} 70. Rd7 {[%clk 0:25:34]} Rf6
{[%clk 0:14:12]} 71. Re7+ {[%clk 0:25:34]} Kd4 {[%clk 0:14:12]} 72. Bf5
{[%clk 0:25:34]} Kc3 {[%clk 0:14:12]} 73. Rd7 {[%clk 0:25:34]} d4
{[%clk 0:14:12]} 74. Kg5 {[%clk 0:25:34]} Rxf5+ {[%clk 0:14:12]} 75. Kxf5
{[%clk 0:25:34]} d3 {[%clk 0:14:12]} 76. Rd6 {[%clk 0:25:34]} d2 {[%clk 0:14:12]}
77. Rc6+ {[%clk 0:25:34]} Kb2 {[%clk 0:14:12]} 78. Rd6 {[%clk 0:25:34]} Kc2
{[%clk 0:14:12]} 79. Rc6+ {[%clk 0:25:34]} Kb2 {[%clk 0:14:12]} 80. Rd6
{[%clk 0:25:34]} Kc2 {[%clk 0:14:12]} 1/2-1/2

[Event "Hoogeveen Open 2016"]
[Site "Hoogeveen"]
[Date "2016.10.18"]
[Round "4.15"]
[White "Dushyant Sharma"]
[Black "Vereggen, Lars"]
[Result "1/2-1/2"]
[BlackElo "2380"]
[WhiteElo "2039"]
[LiveChessVersion "1.4.8"]

1. e4 {[%clk 1:30:55]} e5 {[%clk 1:30:37]} 2. Nf3 {[%clk 1:31:18]} Nc6
{[%clk 1:30:22]} 3. Nc3 {[%clk 1:31:36]} Nf6 {[%clk 1:30:46]} 4. Bb5
{[%clk 1:32:00]} Bc5 {[%clk 1:31:07]} 5. Nxe5 {[%clk 1:32:22]} Nxe5
{[%clk 1:31:27]} 6. d4 {[%clk 1:32:45]} Bd6 {[%clk 1:31:52]} 7. f4
{[%clk 1:32:27]} Neg4 {[%clk 1:27:47]} 8. e5 {[%clk 1:30:52]} Bb4
{[%clk 1:28:12]} 9. exf6 {[%clk 1:30:32]} Nxf6 {[%clk 1:28:36]} 10. O-O
{[%clk 1:26:00]} O-O {[%clk 1:29:00]} 11. Qf3 {[%clk 1:19:32]} Bxc3
{[%clk 1:10:20]} 12. bxc3 {[%clk 1:18:10]} d6 {[%clk 1:09:50]} 13. Bd2
{[%clk 1:17:18]} Bf5 {[%clk 1:02:45]} 14. Bd3 {[%clk 1:14:31]} Qc8
{[%clk 1:01:43]} 15. c4 {[%clk 1:11:03]} Rb8 {[%clk 0:51:00]} 16. d5
{[%clk 1:06:44]} Bxd3 {[%clk 0:50:56]} 17. Qxd3 {[%clk 1:06:35]} Re8
{[%clk 0:51:04]} 18. Rae1 {[%clk 1:05:45]} Nd7 {[%clk 0:43:52]} 19. Bc3
{[%clk 1:03:08]} Rxe1 {[%clk 0:38:02]} 20. Rxe1 {[%clk 1:03:24]} Qf8
{[%clk 0:36:41]} 21. Qf5 {[%clk 0:55:10]} Rd8 {[%clk 0:34:21]} 22. Re3
{[%clk 0:50:58]} g6 {[%clk 0:30:32]} 23. Qg4 {[%clk 0:49:36]} Re8
{[%clk 0:28:05]} 24. Qe2 {[%clk 0:46:14]} Rxe3 {[%clk 0:27:24]} 25. Qxe3
{[%clk 0:46:42]} b6 {[%clk 0:27:08]} 26. g4 {[%clk 0:41:33]} f6 {[%clk 0:23:27]}
27. Bd4 {[%clk 0:26:27]} Qf7 {[%clk 0:23:30]} 28. h4 {[%clk 0:25:24]} f5
{[%clk 0:22:59]} 29. g5 {[%clk 0:25:06]} Kf8 {[%clk 0:23:19]} 30. Kf2
{[%clk 0:22:25]} Qe7 {[%clk 0:23:29]} 31. Qxe7+ {[%clk 0:22:45]} Kxe7
{[%clk 0:23:54]} 32. Ke3 {[%clk 0:22:51]} Kd8 {[%clk 0:24:07]} 33. Kd3
{[%clk 0:22:38]} Kc8 {[%clk 0:24:31]} 34. Kc3 {[%clk 0:22:54]} Kb7
{[%clk 0:24:56]} 35. a4 {[%clk 0:22:26]} Nb8 {[%clk 0:24:13]} 36. Be3
{[%clk 0:19:10]} Na6 {[%clk 0:24:23]} 37. Kb3 {[%clk 0:18:06]} c6
{[%clk 0:24:39]} 38. Kc3 {[%clk 0:18:11]} Nc7 {[%clk 0:24:54]} 39. Kd4
{[%clk 0:18:31]} Ne8 {[%clk 0:23:45]} 40. Kc3 {[%clk 0:17:42]} Nc7
{[%clk 0:22:29]} 41. Kd4 {[%clk 0:18:07]} a6 {[%clk 0:22:50]} 42. Bf2
{[%clk 0:17:10]} b5 {[%clk 0:18:29]} 43. dxc6+ {[%clk 0:13:58]} Kxc6
{[%clk 0:18:47]} 44. axb5+ {[%clk 0:14:21]} axb5 {[%clk 0:19:11]} 45. cxb5+
{[%clk 0:13:56]} Kxb5 {[%clk 0:18:56]} 46. c4+ {[%clk 0:13:39]} Kc6
{[%clk 0:19:22]} 47. Be3 {[%clk 0:13:05]} Ne6+ {[%clk 0:18:42]} 48. Kd3
{[%clk 0:13:07]} d5 {[%clk 0:14:43]} 49. Bc1 {[%clk 0:30:07]} Nc5+
{[%clk 0:31:59]} 50. Kc3 {[%clk 0:29:45]} Ne6 {[%clk 0:20:11]} 51. Kd3
{[%clk 0:29:44]} Kd6 {[%clk 0:12:10]} 52. Ba3+ {[%clk 0:29:14]} Kc6
{[%clk 0:12:35]} 53. Bc1 {[%clk 0:27:57]} dxc4+ {[%clk 0:08:15]} 54. Kxc4
{[%clk 0:28:19]} Nc7 {[%clk 0:08:39]} 55. Kd4 {[%clk 0:26:44]} Kd6
{[%clk 0:09:05]} 56. Ba3+ {[%clk 0:27:03]} Ke6 {[%clk 0:09:31]} 57. Bc1
{[%clk 0:27:22]} Nb5+ {[%clk 0:09:32]} 58. Kc4 {[%clk 0:27:16]} Nd6+
{[%clk 0:09:56]} 59. Kd4 {[%clk 0:27:32]} Ne4 {[%clk 0:10:23]} 60. Be3
{[%clk 0:27:12]} Ng3 {[%clk 0:10:26]} 61. Bf2 {[%clk 0:27:14]} Ne2+
{[%clk 0:10:05]} 62. Ke3 {[%clk 0:27:38]} Nc3 {[%clk 0:09:54]} 63. Kd4
{[%clk 0:27:49]} Nd5 {[%clk 0:09:34]} 64. Be3 {[%clk 0:26:43]} Nb4
{[%clk 0:06:44]} 65. Bd2 {[%clk 0:26:52]} Nc6+ {[%clk 0:07:07]} 66. Kc5
{[%clk 0:27:00]} Nd8 {[%clk 0:07:29]} 67. Kd4 {[%clk 0:27:17]} Nf7
{[%clk 0:07:48]} 68. Bb4 {[%clk 0:27:10]} h6 {[%clk 0:08:12]} 69. Be1
{[%clk 0:23:10]} h5 {[%clk 0:08:35]} 70. Bb4 {[%clk 0:23:11]} Nd8
{[%clk 0:08:59]} 71. Bd2 {[%clk 0:23:14]} Nc6+ {[%clk 0:09:19]} 72. Kc5
{[%clk 0:23:36]} Ne7 {[%clk 0:09:45]} 73. Kd4 {[%clk 0:23:49]} Nd5
{[%clk 0:10:09]} 74. Kc5 {[%clk 0:23:07]} Ne7 {[%clk 0:10:16]} 75. Bc3
{[%clk 0:21:04]} Nd5 {[%clk 0:10:17]} 76. Bd2 {[%clk 0:21:33]} Nc7
{[%clk 0:05:45]} 77. Bc3 {[%clk 0:19:06]} Nd5 1/2-1/2

[Event "Hoogeveen Open 2016"]
[Site "Hoogeveen"]
[Date "2016.10.18"]
[Round "4.16"]
[White "Harsha Bharathakoti"]
[Black "Vedder, Richard"]
[Result "1-0"]
[BlackElo "2205"]
[WhiteElo "2363"]
[LiveChessVersion "1.4.8"]

1. d4 {[%clk 1:30:56]} d5 {[%clk 1:30:57]} 2. c4 {[%clk 1:31:20]} dxc4
{[%clk 1:31:22]} 3. e4 {[%clk 1:31:48]} Nc6 {[%clk 1:31:46]} 4. Nf3
{[%clk 1:32:15]} Bg4 {[%clk 1:32:07]} 5. d5 {[%clk 1:32:41]} Ne5 {[%clk 1:32:32]}
6. Bf4 {[%clk 1:33:08]} Ng6 {[%clk 1:32:54]} 7. Bg3 {[%clk 1:32:58]} e5
{[%clk 1:32:17]} 8. Bxc4 {[%clk 1:32:54]} Bd6 {[%clk 1:31:16]} 9. Nbd2
{[%clk 1:26:32]} Nf6 {[%clk 1:31:13]} 10. h3 {[%clk 1:26:41]} Bd7
{[%clk 1:31:12]} 11. O-O {[%clk 1:19:55]} O-O {[%clk 1:31:01]} 12. Qb3
{[%clk 1:17:00]} b5 {[%clk 1:26:41]} 13. Bd3 {[%clk 1:15:58]} Nh5
{[%clk 1:26:07]} 14. Bh2 {[%clk 1:16:23]} Nhf4 {[%clk 1:26:20]} 15. Rfe1
{[%clk 1:15:30]} Nxd3 {[%clk 1:20:12]} 16. Qxd3 {[%clk 1:13:25]} Qe7
{[%clk 1:19:11]} 17. Rac1 {[%clk 1:12:48]} f6 {[%clk 1:18:44]} 18. Nf1
{[%clk 0:58:15]} Rfb8 {[%clk 1:00:56]} 19. Ne3 {[%clk 0:55:55]} Qf7
{[%clk 1:00:20]} 20. Rc2 {[%clk 0:52:18]} a5 {[%clk 0:55:27]} 21. Nd2
{[%clk 0:44:09]} a4 {[%clk 0:51:43]} 22. Rec1 {[%clk 0:41:16]} Rb7
{[%clk 0:51:00]} 23. Ndf1 {[%clk 0:34:32]} Re8 {[%clk 0:47:08]} 24. Ng3
{[%clk 0:32:07]} Nf4 {[%clk 0:45:30]} 25. Qd1 {[%clk 0:32:11]} g6
{[%clk 0:44:07]} 26. Kh1 {[%clk 0:23:04]} Kh8 {[%clk 0:41:20]} 27. f3
{[%clk 0:19:52]} f5 {[%clk 0:37:49]} 28. Ne2 {[%clk 0:17:57]} Nxe2
{[%clk 0:21:37]} 29. Qxe2 {[%clk 0:17:47]} f4 {[%clk 0:21:59]} 30. Nd1
{[%clk 0:15:57]} g5 {[%clk 0:22:13]} 31. Nf2 {[%clk 0:16:23]} h5 {[%clk 0:22:29]}
32. g4 {[%clk 0:16:00]} fxg3 {[%clk 0:16:10]} 33. Bxg3 {[%clk 0:16:11]} b4
{[%clk 0:16:33]} 34. b3 {[%clk 0:14:46]} Bb5 {[%clk 0:14:55]} 35. Qe3
{[%clk 0:14:56]} Qf6 {[%clk 0:13:44]} 36. Nd3 {[%clk 0:11:01]} Rf8
{[%clk 0:12:46]} 37. Rf2 {[%clk 0:09:23]} axb3 {[%clk 0:10:48]} 38. axb3
{[%clk 0:09:44]} Ra8 {[%clk 0:11:07]} 39. h4 {[%clk 0:01:39]} Bxd3
{[%clk 0:10:13]} 40. hxg5 {[%clk 0:01:40]} Qg6 {[%clk 0:10:33]} 41. Qxd3
{[%clk 0:02:07]} Qxg5 {[%clk 0:09:38]} 42. Rg1 {[%clk 0:01:24]} Rba7
{[%clk 0:07:11]} 43. f4 {[%clk 0:25:52]} Qg4 {[%clk 0:37:05]} 44. fxe5
{[%clk 0:16:10]} Bc5 {[%clk 0:37:03]} 45. e6 {[%clk 0:08:51]} Qg7
{[%clk 0:17:29]} 46. Bh2 {[%clk 0:04:42]} Ra1 {[%clk 0:08:25]} 47. Rfg2
{[%clk 0:04:02]} Qf6 {[%clk 0:05:22]} 48. Qh3 {[%clk 0:04:16]} h4
{[%clk 0:04:13]} 49. Be5 {[%clk 0:04:41]} 1-0

[Event "Hoogeveen Open 2016"]
[Site "Hoogeveen"]
[Date "2016.10.18"]
[Round "4.17"]
[White "De Jong, Migchiel"]
[Black "Hoffman, Ron"]
[Result "1-0"]
[BlackElo "2074"]
[WhiteElo "2330"]
[LiveChessVersion "1.4.8"]

1. e4 {[%clk 1:30:49]} g6 {[%clk 1:30:35]} 2. d4 {[%clk 1:30:51]} Bg7
{[%clk 1:30:57]} 3. Nf3 {[%clk 1:29:44]} d6 {[%clk 1:30:22]} 4. c3
{[%clk 1:26:49]} Nf6 {[%clk 1:30:02]} 5. Bd3 {[%clk 1:27:13]} O-O
{[%clk 1:30:22]} 6. O-O {[%clk 1:27:21]} Nc6 {[%clk 1:29:57]} 7. d5
{[%clk 1:24:57]} Nb8 {[%clk 1:24:00]} 8. c4 {[%clk 1:23:50]} c6 {[%clk 1:18:49]}
9. Nc3 {[%clk 1:21:52]} Na6 {[%clk 1:15:15]} 10. h3 {[%clk 1:18:04]} Nc5
{[%clk 1:13:02]} 11. Bc2 {[%clk 1:18:03]} a5 {[%clk 1:12:27]} 12. Be3
{[%clk 1:16:38]} Nfd7 {[%clk 1:00:32]} 13. Qd2 {[%clk 1:07:07]} Nb6
{[%clk 0:55:03]} 14. b3 {[%clk 1:06:15]} Bd7 {[%clk 0:48:36]} 15. Bh6
{[%clk 1:03:12]} Bxh6 {[%clk 0:42:38]} 16. Qxh6 {[%clk 1:02:05]} f6
{[%clk 0:42:46]} 17. Rfe1 {[%clk 0:55:19]} e5 {[%clk 0:38:14]} 18. dxe6
{[%clk 0:55:19]} Bxe6 {[%clk 0:37:34]} 19. Rad1 {[%clk 0:54:39]} Qe7
{[%clk 0:37:32]} 20. Nd5 {[%clk 0:52:13]} cxd5 {[%clk 0:34:38]} 21. exd5
{[%clk 0:52:25]} Qg7 {[%clk 0:19:32]} 22. Qxg7+ {[%clk 0:52:40]} Kxg7
{[%clk 0:20:00]} 23. dxe6 {[%clk 0:53:01]} Nc8 {[%clk 0:17:25]} 24. Nd4
{[%clk 0:52:42]} Re8 {[%clk 0:09:37]} 25. g4 {[%clk 0:50:12]} Kf8
{[%clk 0:04:06]} 26. f4 {[%clk 0:49:53]} Ke7 {[%clk 0:04:19]} 27. Nb5
{[%clk 0:49:45]} Na6 {[%clk 0:04:04]} 28. c5 {[%clk 0:48:21]} Rd8
{[%clk 0:03:07]} 29. f5 {[%clk 0:47:19]} gxf5 {[%clk 0:02:49]} 30. Bxf5
{[%clk 0:47:38]} dxc5 {[%clk 0:01:49]} 31. Rd7+ {[%clk 0:47:49]} Ke8
{[%clk 0:01:50]} 32. e7 {[%clk 0:47:34]} 1-0

[Event "Hoogeveen Open"]
[Site "Hoogeveen, Netherlands"]
[Date "2016.10.18"]
[Round "4.18"]
[White "Taams, Sander"]
[Black "Okkes, Menno"]
[Result "1-0"]
[WhiteElo "1857"]
[BlackElo "2322"]
[PlyCount "75"]
[EventDate "2016.??.??"]

1. e4 c5 2. Nf3 Nc6 3. d4 cxd4 4. Nxd4 g6 5. Bc4 Bg7 6. Nxc6 bxc6 7. Qf3 Nf6 8.
Nc3 O-O 9. O-O Qc7 10. Bg5 d6 11. h3 Nd7 12. Qe3 Nb6 13. Bd3 Be6 14. Bh6 Nc4
15. Bxc4 Bxh6 16. Qxh6 Bxc4 17. Rfe1 f6 18. b3 Bf7 19. f4 Qa5 20. Ne2 Qc5+ 21.
Kh2 Qxc2 22. Ng3 a5 23. Re3 Kh8 24. h4 Rg8 25. Rae1 e5 26. fxe5 fxe5 27. Rf3
Rg7 28. Ref1 Bg8 29. h5 a4 30. R1f2 Qb1 31. Rf6 Raa7 32. hxg6 axb3 33. axb3
Qxb3 34. Nh5 Qc4 35. Nxg7 Rxg7 36. Qh4 d5 37. gxh7 Rxh7 38. Rh6 1-0

[Event "Hoogeveen Open"]
[Site "Hoogeveen, Netherlands"]
[Date "2016.10.18"]
[Round "4.19"]
[White "Bellia, Fabrizio"]
[Black "Fehr, Axel"]
[Result "1-0"]
[WhiteElo "2447"]
[BlackElo "2130"]
[PlyCount "43"]
[EventDate "2016.??.??"]

1. e4 c5 2. Nf3 d6 3. Bb5+ Nd7 4. O-O Ngf6 5. Re1 e6 6. c3 a6 7. Ba4 b5 8. Bc2
e5 9. d4 cxd4 10. cxd4 Be7 11. a4 bxa4 12. Bxa4 O-O 13. Bc6 Rb8 14. Nc3 Qc7 15.
Bxd7 Nxd7 16. Nd5 Qd8 17. Bd2 Rb5 18. dxe5 dxe5 19. Ba5 Rxa5 20. Nxe7+ Kh8 21.
Rxa5 Qxa5 22. Nxc8 1-0

[Event "Hoogeveen Open"]
[Site "Hoogeveen, Netherlands"]
[Date "2016.10.18"]
[Round "4.20"]
[White "Mijnheer, Peter"]
[Black "Slingerland, Fred"]
[Result "1-0"]
[WhiteElo "2137"]
[BlackElo "2344"]
[PlyCount "55"]
[EventDate "2016.??.??"]

1. e4 c5 2. Nf3 d6 3. d4 cxd4 4. Nxd4 Nf6 5. Nc3 Nc6 6. Be2 g6 7. Nb3 Bg7 8.
O-O O-O 9. Bg5 Be6 10. Kh1 a6 11. f4 b5 12. Bf3 Rc8 13. Nd5 Nd7 14. c3 Re8 15.
Qe2 Rb8 16. Rad1 a5 17. f5 Bxd5 18. Rxd5 Qb6 19. Be3 Qb7 20. fxg6 hxg6 21. e5
Qc7 22. e6 fxe6 23. Bb6 Rxb6 24. Qxe6+ Kh8 25. Qxg6 Nf6 26. Rh5+ Kg8 27. Bd5+
Kf8 28. Qf7# 1-0

[Event "Hoogeveen Open"]
[Site "Hoogeveen, Netherlands"]
[Date "2016.10.18"]
[Round "4.21"]
[White "Heemskerk, Wim"]
[Black "Vogel, Jaap"]
[Result "1/2-1/2"]
[WhiteElo "2243"]
[BlackElo "2134"]
[PlyCount "28"]
[EventDate "2016.??.??"]

1. Nf3 d5 2. g3 Nf6 3. Bg2 c6 4. O-O Bf5 5. d3 h6 6. c4 e6 7. Nc3 dxc4 8. dxc4
Qxd1 9. Rxd1 Nbd7 10. Bf4 g5 11. Bd2 Bc2 12. Rdc1 Bg6 13. h4 g4 14. Nd4 e5
1/2-1/2

[Event "Hoogeveen Open"]
[Site "Hoogeveen, Netherlands"]
[Date "2016.10.18"]
[Round "4.22"]
[White "Otte, Marijn"]
[Black "Elgersma, Simon"]
[Result "1-0"]
[WhiteElo "2213"]
[BlackElo "2084"]
[PlyCount "69"]
[EventDate "2016.??.??"]

1. e4 e6 2. d4 d5 3. Nd2 Be7 4. Ngf3 Nf6 5. e5 Nfd7 6. Bd3 c5 7. c3 Nc6 8. O-O
g5 9. dxc5 g4 10. Nd4 Ndxe5 11. Bb5 Bd7 12. N2b3 h5 13. Be3 Bg5 14. Qd2 Bxe3
15. Qxe3 Qf6 16. Rae1 Ng6 17. f4 Kf8 18. Bxc6 bxc6 19. Na5 Ne7 20. b4 Kg7 21.
Qd3 a6 22. Nb7 Nc8 23. Re5 Ra7 24. Nd6 Ne7 25. Qe3 Nf5 26. N4xf5+ exf5 27. Re7
Rf8 28. Re1 Kg6 29. Qd3 Kg7 30. R1e5 Kg6 31. Rxd7 Rxd7 32. Rxf5 Qe6 33. Rxf7+
Qe4 34. Nxe4 Rfxf7 35. Nd6+ 1-0

[Event "Hoogeveen Open"]
[Site "Hoogeveen, Netherlands"]
[Date "2016.10.18"]
[Round "4.23"]
[White "Roebers, Jan"]
[Black "Bekedam, Tyro"]
[Result "1/2-1/2"]
[WhiteElo "2151"]
[BlackElo "2069"]
[PlyCount "62"]
[EventDate "2016.??.??"]

1. d4 d5 2. Nf3 Nf6 3. Bf4 Bf5 4. e3 e6 5. c4 c6 6. Nc3 Nbd7 7. Be2 Be7 8. O-O
O-O 9. Nh4 Bg6 10. Nxg6 hxg6 11. h3 Re8 12. Qc2 dxc4 13. Bxc4 Nb6 14. Be2 Nfd5
15. Bh2 Bd6 16. Bxd6 Qxd6 17. Ne4 Qe7 18. Qc5 e5 19. Qxe7 Rxe7 20. dxe5 Rxe5
21. Nd6 Re7 22. b3 Rd8 23. Nc4 Nc3 24. Bf3 Nxc4 25. bxc4 Rd2 26. a4 Red7 27. a5
c5 28. Ra3 Na2 29. Bd5 Nb4 30. e4 Re7 31. f3 Nd3 1/2-1/2

[Event "Hoogeveen Open"]
[Site "Hoogeveen, Netherlands"]
[Date "2016.10.18"]
[Round "4.24"]
[White "Mellema, Andries"]
[Black "Van Randtwijk, Mick"]
[Result "1-0"]
[WhiteElo "2143"]
[BlackElo "1932"]
[PlyCount "117"]
[EventDate "2016.??.??"]

1. Nc3 c5 2. Nf3 Nc6 3. e4 g6 4. d4 cxd4 5. Nxd4 Bg7 6. Be3 Nf6 7. Bc4 Qa5 8.
O-O O-O 9. Bb3 d6 10. h3 Bd7 11. f4 Nxd4 12. Bxd4 Bc6 13. Qd3 Rad8 14. Nd5 Bxd5
15. exd5 Nd7 16. Bxg7 Kxg7 17. Rae1 Rfe8 18. Kh1 Kg8 19. Re3 Nc5 20. Qe2 Nxb3
21. axb3 Qxd5 22. Rxe7 Rxe7 23. Qxe7 Rc8 24. Qe2 Qc6 25. c3 d5 26. Qd3 Rd8 27.
f5 Qb6 28. b4 Rd6 29. Qf3 Qc7 30. Qf4 Qc4 31. fxg6 Qxf4 32. gxh7+ Kxh7 33. Rxf4
Kg6 34. Kg1 Re6 35. Kf2 Ra6 36. Ke3 f5 37. Kd4 Rd6 38. Ke5 Rd8 39. Rf2 a6 40.
Rd2 Re8+ 41. Kd4 b6 42. Rf2 Rd8 43. Re2 Kg5 44. Re5 Kf4 45. Rxd5 Rb8 46. c4 Kg3
47. Rxf5 Kxg2 48. h4 Kg3 49. h5 Kg4 50. Rd5 a5 51. bxa5 bxa5 52. Rb5 Rd8+ 53.
Kc3 Ra8 54. Kb3 a4+ 55. Kb4 Ra6 56. c5 Kxh5 57. c6+ Kg6 58. c7 Rc6 59. Rc5 1-0

[Event "Hoogeveen Open"]
[Site "Hoogeveen, Netherlands"]
[Date "2016.10.18"]
[Round "4"]
[White "Cornelisse, John"]
[Black "Sparenberg, Erik"]
[Result "1-0"]
[WhiteElo "2131"]
[BlackElo "2140"]
[PlyCount "113"]
[EventDate "2016.??.??"]

1. d4 d5 2. c4 dxc4 3. Nf3 Nf6 4. Nc3 e6 5. e3 c5 6. Bxc4 Nc6 7. O-O a6 8. a4
Be7 9. Qe2 O-O 10. Rd1 cxd4 11. exd4 Nb4 12. Ne5 Nfd5 13. Ne4 b6 14. Ra3 f6 15.
Nf3 Re8 16. h4 Ra7 17. Nh2 Rd7 18. Qh5 Bf8 19. Rg3 Kh8 20. Nc3 Bd6 21. Rh3 Bb7
22. Ne2 Bb8 23. Ng4 f5 24. Bg5 Qc8 25. Bxd5 Nxd5 26. Rc1 Rc7 27. Rxc7 Bxc7 28.
Ne5 Bxe5 29. dxe5 Qd7 30. Rd3 Qc6 31. Nd4 Qd7 32. Qd1 h6 33. Qh5 Kh7 34. Rg3
Rg8 35. Bd2 Qe8 36. Qe2 g6 37. Bc1 Qd7 38. Qd2 f4 39. Rf3 g5 40. hxg5 Rxg5 41.
Qd3+ Kh8 42. Rh3 Rxg2+ 43. Kf1 Qg7 44. Nf3 a5 45. Bd2 Rg6 46. Ke2 Kg8 47. Kd1
Rg2 48. Qb5 Qg6 49. Rh1 Rxf2 50. Rg1 Nc3+ 51. Ke1 Re2+ 52. Qxe2 Qxg1+ 53. Nxg1
Nxe2 54. Nxe2 Bc6 55. Nc3 f3 56. Bxh6 Kf7 57. Be3 1-0

[Event "Hoogeveen Open"]
[Site "Hoogeveen, Netherlands"]
[Date "2016.10.18"]
[Round "4.26"]
[White "Vardan Nagpal"]
[Black "Kerigan, Demre"]
[Result "0-1"]
[WhiteElo "2117"]
[BlackElo "2362"]
[PlyCount "82"]
[EventDate "2016.??.??"]

1. Nf3 g6 2. d4 Bg7 3. g3 d6 4. Bg2 Nd7 5. O-O e5 6. dxe5 dxe5 7. Nc3 Ngf6 8.
a4 O-O 9. Nd2 Qe7 10. b3 Rd8 11. Ba3 Qe6 12. e4 Nf8 13. Qe2 Qe8 14. Nd5 Ne6 15.
c3 c6 16. Ne3 Bf8 17. Bxf8 Qxf8 18. Ndc4 Nc5 19. Qc2 Be6 20. b4 Ncd7 21. Rfd1
h5 22. h3 h4 23. g4 Qe7 24. Na5 Nf8 25. Bf1 N8h7 26. b5 cxb5 27. axb5 Ng5 28.
Bg2 Rac8 29. c4 Rxd1+ 30. Qxd1 Nfxe4 31. Nd5 Bxd5 32. Qxd5 Rd8 33. Qxb7 Qc5 34.
Bxe4 Nxh3+ 35. Kh2 Qxf2+ 36. Bg2 Qg3+ 37. Kh1 Nf2+ 38. Kg1 e4 39. Qxa7 Rd2 40.
Kf1 Nxg4 41. Qb8+ Qxb8 0-1

[Event "Hoogeveen Open"]
[Site "Hoogeveen, Netherlands"]
[Date "2016.10.18"]
[Round "4.27"]
[White "Bunyatov, Rustam"]
[Black "Kokje, Joris"]
[Result "1-0"]
[WhiteElo "2249"]
[BlackElo "2126"]
[PlyCount "65"]
[EventDate "2016.??.??"]

1. e4 c5 2. Ne2 Nc6 3. g3 d5 4. Bg2 dxe4 5. Bxe4 Nf6 6. Bg2 g6 7. Nbc3 Bg7 8.
d3 O-O 9. Be3 Nd4 10. h3 e5 11. Rb1 Qc7 12. Bg5 Be6 13. Bxf6 Bxf6 14. Nd5 Bxd5
15. Bxd5 Rad8 16. c4 Nxe2 17. Kxe2 Bg7 18. Kf1 Kh8 19. h4 f5 20. h5 g5 21. h6
Bf6 22. Kg2 e4 23. dxe4 fxe4 24. Qg4 Bd4 25. Rhf1 Rd6 26. Bxe4 Rxh6 27. f3 Rb6
28. Rh1 Rf7 29. b3 Ra6 30. a4 Rd6 31. Qxg5 Bc3 32. Bd5 Rg7 33. Rxh7+ 1-0

[Event "Hoogeveen Open"]
[Site "Hoogeveen, Netherlands"]
[Date "2016.10.18"]
[Round "4.28"]
[White "Van der Veen, Jan"]
[Black "Hulshof, Peter"]
[Result "1/2-1/2"]
[WhiteElo "2059"]
[BlackElo "2223"]
[PlyCount "20"]
[EventDate "2016.??.??"]

1. e4 g6 2. d4 Bg7 3. Nc3 c6 4. Nf3 d5 5. h3 Nf6 6. Bd3 dxe4 7. Nxe4 Nxe4 8.
Bxe4 Nd7 9. O-O O-O 10. c3 c5 1/2-1/2

[Event "Hoogeveen Open"]
[Site "Hoogeveen, Netherlands"]
[Date "2016.10.18"]
[Round "4"]
[White "Nguyen, Kevin"]
[Black "Kouwenhoven, Derk"]
[Result "1-0"]
[WhiteElo "2185"]
[BlackElo "1964"]
[PlyCount "125"]
[EventDate "2016.??.??"]

1. Nf3 Nf6 2. g3 g6 3. Bg2 Bg7 4. O-O O-O 5. d4 d6 6. Nc3 Nbd7 7. e4 e5 8. a4
exd4 9. Nxd4 Re8 10. h3 Nc5 11. Re1 a5 12. Bf4 Nh5 13. Be3 Nf6 14. f3 h5 15.
Bf2 c6 16. Qd2 Qc7 17. Rad1 b6 18. f4 Bb7 19. f5 Rad8 20. Qf4 Nh7 21. Nf3 Qe7
22. Bd4 g5 23. Qd2 Be5 24. Qf2 Ba6 25. Nxe5 dxe5 26. Bxc5 bxc5 27. Bf1 Bxf1 28.
Qxf1 Qb7 29. b3 Rd4 30. Rd3 Red8 31. Red1 Qb4 32. Na2 Qa3 33. Nc1 Nf6 34. Rxd4
cxd4 35. Nd3 Kh7 36. Qe1 Re8 37. Kh2 Qa2 38. Rd2 Qa3 39. Re2 Qa2 40. Qxa5 Nxe4
41. Nb4 Qb2 42. Rxe4 d3 43. Qc7 Kg7 44. Qxc6 d2 45. Nd3 Qa1 46. Nf2 d1=Q 47.
Nxd1 Qxd1 48. Qc3 Kh7 49. Re1 Qd6 50. a5 e4 51. Qe3 f6 52. Qe2 Kh6 53. a6 h4
54. Qf2 hxg3+ 55. Qxg3 Qd2+ 56. Kh1 e3 57. a7 e2 58. Qf2 Qxc2 59. b4 Qa4 60.
Qb6 Qa3 61. Qxf6+ Kh5 62. Kh2 Rh8 63. Qxh8# 1-0